Little bluebird /

Bibliographic Details
Main Author: Taylor, Johnnie
Corporate Author: Fantasy Records
Format: CD Audio
Language:English
Published: Berkeley : Fantasy, Inc. : Stax Records, [1990]
Subjects:

MARC

Tag First Indicator Second Indicator Subfields
LEADER 00000cjm a2200000Ia 4500
001 in00002780131
005 20151202170848.0
007 sd fsngnn|||ee
008 120521s1990 caujznn n eng d
024 1 |a 025218855822 
028 3 0 |a SCD-8558-2  |b Stax Records 
035 |a (OCoLC)ocn794004216 
035 |a (OCoLC)794004216 
040 |a TXA  |c TXA  |d UtOrBLW 
049 |a TXAM 
050 4 |a M1630.18.T39  |b L58 1990 
100 1 |a Taylor, Johnnie. 
245 1 0 |a Little bluebird /  |c Johnnie Taylor. 
264 1 |a Berkeley :  |b Fantasy, Inc. :  |b Stax Records,  |c [1990] 
264 4 |c ℗1990 
300 |a 1 sound disc :  |b digital, stereo. ;  |c 4 3/4 in. 
306 |a 004600 
336 |a performed music  |b prm  |2 rdacontent 
337 |a audio  |b s  |2 rdamedia 
338 |a audio disc  |b sd  |2 rdacarrier 
500 |a Duration: 46 min. 
500 |a Analog recording: digitally remastered. 
500 |a Liner notes by Lee Hildebrand inserted in container. 
511 0 |a Johnnie Taylor, vocals ; with accompanying musicians. 
505 0 0 |t Little bluebird  |g (3:11)  |t Toe hold  |g (3:09)  |t I've got to love sombody's baby  |g (2:55)  |t Just the one (I've been looking for)  |g (2:40)  |t Outside love  |g (2:15)  |t You can't get away from it  |g (2:48)  |t I had a dream  |g (2:59)  |t Somebody's sleeping in my bed  |g (2:45)  |t I ain't particular  |g (2:46)  |t Steal away (live)  |g (7:30)  |t Stop dogging me (live)  |g (5:30)  |t Jody's got your girl and gone (live)  |g (5:30). 
500 |a Sound recording. 
650 0 |a Blues (Music) 
650 0 |a Rhythm and blues music. 
650 0 |a Soul music. 
710 2 |a Fantasy Records. 
948 |a cataloged  |b h  |c 2012/5/21  |d c  |e jolivare  |f 9:08:14 am 
994 |a C0  |b TXA 
999 |a MARS 
999 f f |s e8dd82f8-cbaf-3937-b611-a82c0b0bbf05  |i 0d192c59-b40e-30e2-9e01-17f3ff29e99f  |t 0 
952 f f |p ric  |a Texas A&M University  |b Rellis Campus  |c Joint Library Facility  |d Remote Storage  |t 0  |e M1630.18.T39 L58 1990  |h Library of Congress classification  |i audio -- audio disc  |m A14841394148 
998 f f |a M1630.18.T39 L58 1990  |t 0  |l Remote Storage